000 00400 a2200181 4500
260 _aCambridge
100 _aSOUTHGATE, D.A.T.
260 _bThe Royal Society of Chemistry
300 _aIX-174p.
245 _aDietery Analysis
650 _aNUTRITION HUMAINE
300 _bcouv. ill. en coul.
260 _c1995
130 _lEn
020 _ao-85404-556-2
999 _c27532
_d27532